000 00328nam a2200109Ia 4500
008 171211s9999 xx 000 0 und d
245 _aDon't Leave Me! Step-by-Step Help for Your Dog's Separation Anxiety
245 _cNicole Wilde
260 _c2010
650 _xANIMALS
856 _uhttp://down.ebook777.com/056/0981722733.pdf
999 _c348427
_d348427